Φορτώνει......
In praise of idleness/
| Κύριος συγγραφέας: | |
|---|---|
| Μορφή: | Printed Book |
| Έκδοση: |
London:
Routledge,
2004.
|
| Θέματα: |
| LEADER | 00487nam a22001451a 4500 | ||
|---|---|---|---|
| 999 | |c 19221 |d 19221 | ||
| 020 | |a 9780415325066 | ||
| 082 | |a 192 |b RUS/I | ||
| 100 | |a Bertrand Russell | ||
| 245 | |a In praise of idleness/ |c by Bertrand Russell. | ||
| 260 | |a London: |b Routledge, |c 2004. | ||
| 300 | |a 171p. | ||
| 650 | |a Philosophy Russell | ||
| 942 | |c BK | ||
| 952 | |0 0 |1 0 |4 0 |6 192_000000000000000_RUS_I |7 0 |9 27086 |a SSUS |b SSUS |d 2015-01-08 |g 800.10 |l 1 |o 192 RUS/I |p 046783 |r 2019-03-11 |s 2019-02-05 |v 0.00 |w 2015-01-08 |y BK | ||